| 000 -LEADER |
| fixed length control field |
00429cam a22001337a 4500 |
| 008 - FIXED-LENGTH DATA ELEMENTS--GENERAL INFORMATION |
| fixed length control field |
180718b1954-56 xxu||||| |||| 00| 0 eng d |
| 082 ## - DEWEY DECIMAL CLASSIFICATION NUMBER |
| Classification number |
I55 M132 |
| 245 ## - TITLE STATEMENT |
| Title |
Operational research for management |
| Statement of responsibility, etc. |
edited by Joseph E. McCloskey and Florence N. Trefethen |
| 260 ## - PUBLICATION, DISTRIBUTION, ETC. |
| Place of publication, distribution, etc. |
Baltimore |
| Name of publisher, distributor, etc. |
Johns Hopkins |
| Date of publication, distribution, etc. |
1954-56 |
| 300 ## - PHYSICAL DESCRIPTION |
| Extent |
2v. |
| 650 ## - SUBJECT ADDED ENTRY--TOPICAL TERM |
| Topical term or geographic name entry element |
Operations research |
| 700 ## - ADDED ENTRY--PERSONAL NAME |
| Personal name |
Trefethen, Florence N. |
| 700 ## - ADDED ENTRY--PERSONAL NAME |
| Personal name |
McCloskey, Josephy E. |